[Event "Leverkusen-ch op"]
[Site "Leverkusen"]
[Date "2007.01.08"]
[Round "1"]
[White "Liebsch, Conrad"]
[Black "Ziabari, Morteza"]
[Result "0-1"]
[WhiteElo "1203"]
[BlackElo "1955"]
[PlyCount "84"]
[EventDate "2007.01.08"]
[EventType "swiss"]
[EventRounds "7"]
[EventCountry "GER"]
[SourceTitle "EXT 2008"]
[Source "ChessBase"]
[SourceDate "2007.11.25"]
[SourceVersion "1"]
[SourceVersionDate "2007.11.25"]
[SourceQuality "1"]

1. e4 d6 2. Nf3 Nf6 3. Nc3 c6 4. d4 Qc7 5. Bc4 b5 6. Bb3 b4 7. Ne2 Nxe4 8. Qd3 f5 9. Qc4 d5 10. Qxb4 e6 11. Qa4 Bd6 12. c4 Bd7 13. c5 Be7 14. Ne5 Nxc5 15. dxc5 Qxe5 16. Qb4 Qc7 17. Bf4 e5 18. Bc1 Na6 19. Qc3 Nxc5 20. Bc2 0-0 21. 0-0 d4 22. Qd2 Ne4 23. Qe1 Nf6 24. Ng3 e4 25. Bb3+ Kh8 26. Bd2 c5 27. Rc1 f4 28. Nxe4 Nxe4 29. Qxe4 Bc6 30. Bd5 Bxd5 31. Qxd5 f3 32. g3 Rad8 33. Qe4 Qd7 34. Kh1 Qh3 35. Rg1 Rde8 36. Rce1 h6 37. Bf4 Qg4 38. Qb7 Bf6 39. Qxa7 Re2 40. Qxc5 Rc8 41. Qb4 Rxf2 42. Be3 Rxh2+ 0-1

[Event "NRW U18 op"]
[Site "Olpe"]
[Date "2005.10.04"]
[Round "7.39"]
[White "Sander, Michael"]
[Black "Liebsch, Conrad"]
[Result "0-1"]
[WhiteElo "1450"]
[BlackElo "1087"]
[PlyCount "52"]
[EventDate "2005.10.01"]
[EventType "swiss"]
[EventRounds "7"]
[EventCountry "GER"]
[SourceTitle "CBM 108 Extra"]
[Source "ChessBase"]
[SourceDate "2005.11.04"]
[SourceVersion "1"]
[SourceVersionDate "2005.11.04"]
[SourceQuality "1"]

1. c4 e5 2. Nc3 Nf6 3. g3 Nc6 4. Bg2 Be7 5. e3 0-0 6. Nge2 Re8 7. 0-0 b6 8. d4 exd4 9. Nxd4 Bb7 10. Rb1 Rb8 11. b3 Nxd4 12. Bxb7 Rxb7 13. exd4 Bd6 14. Qf3 Rb8 15. Bg5 Be7 16. Rfe1 h6 17. Bd2 Nh7 18. h4 d6 19. Qg4 Nf6 20. Qh3 d5 21. Be3 Bb4 22. Rec1 Bxc3 23. Rxc3 c5 24. Rd3 dxc4 25. bxc4 Rc8 26. d5 Re4 0-1

[Event "Leverkusen-ch op"]
[Site "Leverkusen"]
[Date "2005.02.14"]
[Round "4"]
[White "Liebsch, Conrad"]
[Black "Pies, Gerhard"]
[Result "1-0"]
[WhiteElo "794"]
[BlackElo "1344"]
[PlyCount "57"]
[EventDate "2005.01.10"]
[EventType "swiss"]
[EventRounds "9"]
[EventCountry "GER"]
[SourceTitle "EXT 2006"]
[Source "ChessBase"]
[SourceDate "2005.11.24"]
[SourceVersion "1"]
[SourceVersionDate "2005.11.24"]
[SourceQuality "1"]

1. e4 e5 2. Nf3 f5 3. exf5 e4 4. Nd4 Nf6 5. d3 d5 6. Nc3 c5 7. Nb3 Bxf5 8. Bg5 Qd6 9. Nd2 Nbd7 10. Qe2 0-0-0 11. dxe4 Re8 12. 0-0-0 h6 13. Bxf6 Nxf6 14. g3 Nxe4 15. Ndxe4 Bxe4 16. f3 Bg6 17. Rxd5 Qf6 18. Ne4 Qc6 19. Bh3+ Kb8 20. Rhd1 Be7 21. Bd7 Bg5+ 22. Kb1 Qb6 23. Bxe8 Rxe8 24. Rd6 Qb4 25. Rxg6 Bf6 26. c3 Bxc3 27. Qc2 Rxe4 28. fxe4 a5 29. a3 1-0